00359pab a2200121 454500008004000000100002600040245009600066260000900162300001400171362001100185650001800196773002300214180718b2004 xxu||||| |||| 00| 0 eng d aGozdziak, Elzbieta M. aTraining refugee mental health providers: ethnography as a bridge to multicultural practice c2004 ap.203-10. aSummer aMental health aHuman Organization